UBT Library

ESSENTIALS OF HUMAN ANATOMY (Record no. 59891)

000 -LEADER
fixed length control field 00342nam a22001457a 4500
008 - FIXED-LENGTH DATA ELEMENTS--GENERAL INFORMATION
fixed length control field 230531b ||||| |||| 00| 0 eng d
020 ## - INTERNATIONAL STANDARD BOOK NUMBER
International Standard Book Number 9780134628325
041 ## - LANGUAGE CODE
Language code of text/sound track or separate title eng
080 ## - UNIVERSAL DECIMAL CLASSIFICATION NUMBER
Edition identifier TWELFTH EDITION
Universal Decimal Classification number 159.9
082 ## - DEWEY DECIMAL CLASSIFICATION NUMBER
Classification number 159.9HUT
100 ## - Rafti
Rafti 25
101 ## - Shkurtesa
Shkurtesa PSI
245 ## - TITLE STATEMENT
Title ESSENTIALS OF HUMAN ANATOMY
Statement of responsibility, etc MARIEB.N.E
942 ## - ADDED ENTRY ELEMENTS (KOHA)
Source of classification or shelving scheme
Item type Books
Holdings
Withdrawn status Lost status Source of classification or shelving scheme Damaged status Not for loan Collection code Permanent location Current location Date acquired Total Checkouts Full call number Barcode Date last seen Price effective from Koha item type
          Koleksioni i përgjithshem UBT - Lipjan UBT - Lipjan 05/31/2023   159.9HUT 002-800080465 05/31/2023 05/31/2023 Books
          Koleksioni i përgjithshem UBT - Lipjan UBT - Lipjan 05/31/2023   159.9HUT 002-800080466 05/31/2023 05/31/2023 Books
UBT Library © 2015-2024. All rights reserved University Education for Business and Technology